| 000 | 01152nam a2200313Ia 4500 | ||
|---|---|---|---|
| 001 | Para_8558 | ||
| 003 | CHAP | ||
| 008 | 220125s2002 xx 000 0 und d | ||
| 010 | _a207369 | ||
| 040 | _cCHAP | ||
| 090 | _aPA TESIS 1674 | ||
| 100 |
_aArchila Marroquín, Adriana Banesa _96795 |
||
| 245 |
_aEfecto de la roya del tallo (Puccinia graminis f. sp. avenae Eriks. y Henn.) sobre el rendimiento y sus componenetes en avena (Avena sativa L.) / _c por Adriana Banesa Archila Marroquín y Maribel Hernández Martínez |
||
| 260 |
_aChapingo, Méx. : _b el autor |
||
| 300 | _a50 h. | ||
| 502 | _aTesis (Ing. Agr. Esp. en Parasitología Agrícola) -- UACh. Departamento Parasitología Agrícola | ||
| 650 |
_aAvena _x enfermedades _98517 |
||
| 650 |
_aAvena _x rendimiento _98539 |
||
| 650 |
_aPuccinia graminis _992822 |
||
| 700 |
_aHernández Martínez, Maribel _954304 |
||
| 710 |
_aUACh. Departamento Parasitología Agrícola _9164025 |
||
| 901 | _aPA TESIS 1674 | ||
| 902 | _aA | ||
| 905 | _a0000002002 in 0000000000 00 | ||
| 910 | _a2002 | ||
| 942 | _cPARA | ||
| 942 |
_cPARA _d1 |
||
| 999 |
_c207369 _d207369 |
||